[Event "Ambelokipi op 113th"]
[Site "Athens"]
[Date "2011.05.28"]
[Round "7"]
[White "Dimitriou, Georgios"]
[Black "Papapetropoulos, Periklis"]
[Result "1-0"]
[WhiteElo "2191"]
[BlackElo "1997"]
[PlyCount "65"]
[EventDate "2011.05.07"]
[EventType "swiss"]
[EventRounds "7"]
[EventCountry "GRE"]
[SourceTitle "EXT 2024"]
[Source "ChessBase"]
[SourceDate "2023.10.10"]
[SourceVersion "1"]
[SourceVersionDate "2023.10.10"]
[SourceQuality "1"]

1. c4 c6 2. Nf3 Nf6 3. Nc3 d6 4. d4 Nbd7 5. e4 e5 6. Bg5 Qa5 7. Qd2 Be7 8. Be2 Nf8 9. h3 Ne6 10. d5 Nxg5 11. Nxg5 c5 12. f4 Nd7 13. 0-0 Qd8 14. Bh5 g6 15. Bg4 Bxg5 16. Bxd7+ Bxd7 17. fxg5 h6 18. h4 hxg5 19. hxg5 Rh5 20. Rf6 Qe7 21. Raf1 Rh7 22. a3 0-0-0 23. b4 Rdh8 24. bxc5 dxc5 25. Qe3 b6 26. a4 Rh1+ 27. Kf2 Rxf1+ 28. Kxf1 Rh1+ 29. Kf2 Ra1 30. Qf3 Be8 31. Nb5 Rxa4 32. Nd6+ Kc7 33. Nxe8+ 1-0

[Event "Ambelokipi op 107th"]
[Site "Athens"]
[Date "2010.09.15"]
[Round "2"]
[White "Papapetropoulos, Periklis"]
[Black "Karlis, Nikolaos"]
[Result "0-1"]
[WhiteElo "2089"]
[BlackElo "1767"]
[PlyCount "42"]
[EventDate "2010.09.11"]
[EventType "swiss"]
[EventRounds "7"]
[EventCountry "GRE"]
[SourceTitle "EXT 2024"]
[Source "ChessBase"]
[SourceDate "2023.10.10"]
[SourceVersion "1"]
[SourceVersionDate "2023.10.10"]
[SourceQuality "1"]

1. d4 d5 2. c4 e6 3. Nc3 Nf6 4. Nf3 c6 5. e3 Nbd7 6. Bd3 Bd6 7. 0-0 0-0 8. cxd5 exd5 9. a3 a5 10. Ra2 Re8 11. Qc2 Nf8 12. h3 Ng6 13. b4 Be6 14. b5 Rb8 15. bxc6 bxc6 16. Rb2 Qd7 17. Ng5 Rxb2 18. Bxb2 Rb8 19. Na4 Qe7 20. Nxe6 Qxe6 21. Qxc6 Bh2+ 0-1

[Event "Ambelokipi op 82nd"]
[Site "Athens"]
[Date "2007.11.10"]
[Round "3"]
[White "Koerant, Filipos"]
[Black "Papapetropoulos, Periklis"]
[Result "1-0"]
[WhiteElo "2100"]
[BlackElo "2015"]
[PlyCount "35"]
[EventDate "2007.11.03"]
[EventType "swiss"]
[EventRounds "7"]
[EventCountry "GRE"]
[SourceTitle "EXT 2024"]
[Source "ChessBase"]
[SourceDate "2023.10.10"]
[SourceVersion "1"]
[SourceVersionDate "2023.10.10"]
[SourceQuality "1"]

1. Nf3 d5 2. d4 Nc6 3. c4 e5 4. dxe5 Bb4+ 5. Bd2 dxc4 6. g3 Qe7 7. Bg2 Bxd2+ 8. Nbxd2 c3 9. bxc3 Nxe5 10. 0-0 Nf6 11. Nxe5 Qxe5 12. Rb1 c6 13. Nc4 Qc7 14. Qd6 Qe7 15. Bxc6+ bxc6 16. Qxc6+ Nd7 17. Nd6+ Kd8 18. Rfd1 1-0

[Event "Ambelokipi op 72nd"]
[Site "Athens"]
[Date "2006.10.21"]
[Round "5"]
[White "Megaloudis, Petros"]
[Black "Papapetropoulos, Periklis"]
[Result "0-1"]
[WhiteElo "1893"]
[BlackElo "2032"]
[PlyCount "140"]
[EventDate "2006.10.12"]
[EventType "swiss"]
[EventRounds "7"]
[EventCountry "GRE"]
[SourceTitle "EXT 2008"]
[Source "ChessBase"]
[SourceDate "2007.11.25"]
[SourceVersion "1"]
[SourceVersionDate "2007.11.25"]
[SourceQuality "1"]

1. e4 d5 2. exd5 Qxd5 3. Nc3 Qa5 4. a3 c6 5. Nf3 Bg4 6. Be2 Nd7 7. 0-0 Ngf6 8. d3 Qc7 9. Nd2 h5 10. Nde4 Nxe4 11. Nxe4 Nf6 12. Nxf6+ gxf6 13. g3 Bxe2 14. Qxe2 h4 15. Re1 hxg3 16. fxg3 0-0-0 17. Be3 e6 18. Qf2 Bd6 19. Bxa7 c5 20. a4 b6 21. Bxb6 Qxb6 22. a5 Qc6 23. Qg2 Qxg2+ 24. Kxg2 Kb7 25. a6+ Ka7 26. Ra4 Rb8 27. b3 Rb4 28. Re4 Rxe4 29. dxe4 Be5 30. Rc4 Bd6 31. Ra4 Rg8 32. Kf3 Rg5 33. Ra5 f5 34. e5 Be7 35. h3 Rg8 36. h4 Rg4 37. Ra1 Rd4 38. Rh1 Bf8 39. Ra1 Bg7 40. Ra5 Rd5 41. h5 Rxe5 42. Rb5 Kxa6 43. Rb8 Rd5 44. Rg8 Be5 45. Ke2 Bc3 46. h6 Rd2+ 47. Kf3 Rxc2 48. Rg7 Rh2 49. Rxf7 Rxh6 50. Rf8 Rg6 51. Ra8+ Kb7 52. Ra2 Kb6 53. Rg2 Be5 54. g4 Rxg4 55. Rxg4 fxg4+ 56. Kxg4 Kb5 57. Kf3 Kb4 58. Ke2 Kxb3 59. Kd2 Bf4+ 60. Kd1 c4 61. Ke1 c3 62. Ke2 c2 63. Kf3 c1B 64. Ke2 Kc2 65. Ke1 e5 66. Ke2 e4 67. Ke1 Kd3 68. Kd1 e3 69. Kxc1 e2+ 70. Kb2 e1Q 0-1